Statistics for Famous Guitars

Click here to take the quiz!

General Stats

  • This quiz has been taken 218 times
  • The average score is 7 of 24

Answer Stats

GuitarGuitarist% Correct
FrankenstratEddie Van Halen
79%
Double Neck GibsonJimmy Page
66%
LucilleB.B. King
59%
Red SpecialBrian May
54%
Appetite Les PaulSlash
52%
BlackieEric Clapton
43%
Polka-Dot Flying VRandy Rhoads
39%
Ibanez JEMSteve Vai
39%
EET FUK ExplorerJames Hetfield
32%
Arm The Homeless CustomTom Morello
30%
Black StratocasterDavid Gilmour
29%
TriggerWillie Nelson
25%
BullseyeZakk Wylde
24%
LennyStevie Ray Vaughan
22%
CloudPrince
19%
Gibson SG MonkeyTony Iommi
17%
MicawberKeith Richards
13%
JB Hutto Montgomery AirlineJack White
12%
Five Neck HammerRick Nielsen
12%
LucyGeorge Harrison
10%
Miss Pearly GatesBilly Gibbons
8%
TigerJerry Garcia
6%
Old BlackNeil Young
6%
The Twang MachineBo Diddly
1%

Score Distribution

Percentile by Number Answered

Percent of People with Each Score

Your Score History

You have not taken this quiz